000 00667nam a2200229Ia 4500
003 OSt
005 20220923214653.0
006 a|||||r|||| 00| 0
007 ta
008 220922b |||||||| |||| 00| 0 hin d
024 _a171,549
037 _cTextual
040 _aARTS
_cARTS
_bhin
041 _2hin
_ahin
082 _aO152:3N222x1, L3
100 _aवर्मा, लक्ष्मीकान्त
245 0 _aमेरी कहानियां
246 _aMerī kahāniyāan
260 _c1973
942 _hO152:3N222x1, L3
_cTEXL
_2CC
999 _c325701
_d325701